000 00562nam a2200181Ia 4500
005 20250326124646.0
008 250326s9999 xx 000 0 und d
037 _aTextbook
040 _aFMSL
_beng
_cFMSL
041 _aeng
_2eng
084 _aX:8ogB28 M3;7
_qFMSL
100 _aSrivastava U K
245 0 _aQuantitative techniques for managerial decision making
_cSrivastava U K; Shinoy G V And Others
260 _aNew Delhi
_bNew Delhi, Wiley Eastern
_c1983
300 _a922p
942 _cTB
_hX:8ogB28 M3;7
999 _c1274610
_d1274610